| 000 | 00711nam a2200229 a 4500 | ||
|---|---|---|---|
| 001 | 13116 | ||
| 003 | BD-JhCC | ||
| 005 | 20230711090838.0 | ||
| 008 | 230623s2023 bg |||| |||| 000 0 ben d | ||
| 020 | _a9789849755456 | ||
| 035 | _a(BD-JhCC)13116 | ||
| 040 |
_aBD-JhCC _dBD-JhCC |
||
| 041 | _aben | ||
| 082 |
_a891.443 _bRAH 2014 |
||
| 100 | _aরহমান, রেজাউর | ||
| 245 |
_aলাল সবুজের কত কহন / _c রেজাউর রহমান |
||
| 260 |
_aঢাকা : _bপ্রথমা প্রকাশন, _c২০২৩. |
||
| 300 |
_a২৭১ পৃ. : _bill. ; _c২১ সেমি. |
||
| 650 | _aHistorical Novel | ||
| 942 |
_2ddc _cBK |
||
| 999 |
_c13116 _d13116 |
||